鉄道パークz 実装されている形式 - Statistics

General Stats
  • This quiz has been taken 39 times
  • The average score is 59 of 109
Answer Stats
Answer % Correct
0系
100%
E5系
95%
100系
91%
E2系
91%
E3系
91%
E4系
91%
E6系
91%
E7系
91%
200系
86%
700系
86%
E8系
86%
300系
82%
80系
82%
800系
82%
221系
77%
50系
77%
12系
73%
四国2000系
73%
201系
73%
223系
73%
225系
73%
キハ40系
73%
400系
73%
N700系
73%
103系
68%
207系
68%
209系
68%
227系
68%
485系
68%
500系
68%
E231系
68%
E233系
68%
113系
64%
185系
64%
205系
64%
211系
64%
313系
64%
四国5000系
64%
E235系
64%
E257系
64%
E259系
64%
115系
59%
24系
59%
651系
59%
E217系
59%
E653系
59%
N700A系
59%
N700S系
59%
京急1000形
55%
117系
55%
281系
55%
283系
55%
315系
55%
321系
55%
小田急50000形
55%
E657系
55%
H5系
55%
W7系
55%
キハ110系
50%
14系
50%
255系
50%
285系
50%
323系
50%
383系
50%
923形
50%
E26系
50%
E261系
50%
E501系
50%
E531系
50%
189系
45%
251系
45%
273系
45%
683系
45%
キハ85系
45%
DD51形
45%
E655系
45%
253系
41%
小田急7000形
41%
381系
36%
787系
36%
E353系
36%
EF64形
36%
EF65形
36%
EF66形
36%
キハ183形
32%
京急2100形
32%
289系
32%
小田急30000形
32%
小田急70000形
32%
811系
32%
813系
32%
キハ261系
27%
キハ47系
27%
583系
27%
小田急60000形
27%
D51形
27%
EF510形
27%
EF63形
27%
EF81形
27%
HC85系
27%
三陸鉄道36形
23%
キハ41系
23%
キハ71系
23%
C57形
23%
キハ52形
18%
701系
18%
コキ50000形
9%
8620形
9%
ED76形
9%
No matching quizzes found
Score Distribution
Percent of People with Each Score
Percentile by Number Answered
Your Score History
You have not taken this quiz